Chemistry of Nanomaterials : A Practical Guide. Volume 1 A, Metallic Nanomaterials (Part A) /
Uloženo v:
| Další autoři: | , , , , , , , , , , , , , , , , , |
|---|---|
| Médium: | E-kniha |
| Jazyk: | angličtina |
| Vydáno: |
Berlin ; Boston :
De Gruyter,
[2018]
©2019 |
| Edice: | De Gruyter Textbook ;
Volume 1 A |
| Témata: | |
| ISBN: | 9783110345100 |
| On-line přístup: |
|
| Tagy: |
Přidat tag
Žádné tagy, Buďte první, kdo vytvoří štítek k tomuto záznamu!
|
MARC
| LEADER | 00000nam a22000005i 4500 | ||
|---|---|---|---|
| 003 | SK-BrCVT | ||
| 005 | 20220618104808.0 | ||
| 006 | m|||||o||d|||||||| | ||
| 007 | cr || |||||||| | ||
| 008 | 190326s2018 gw fo d z eng d | ||
| 020 | |a 9783110345100 | ||
| 024 | 7 | |a 10.1515/9783110345100 |2 doi | |
| 035 | |a CVTIDW18456 | ||
| 040 | |a DeGruyter |b eng |c CVTI SR |e AACR 2 | ||
| 041 | 0 | |a eng | |
| 044 | |a gw |c DE | ||
| 072 | 0 | |a 62 | |
| 080 | |a 620.3 |2 2011 | ||
| 245 | 0 | 0 | |a Chemistry of Nanomaterials : |b A Practical Guide. |n Volume 1 A, |p Metallic Nanomaterials (Part A) / |c Kumar Challa. |
| 260 | |a Berlin ; |a Boston : |b De Gruyter, |c [2018] | ||
| 260 | |c ©2019 | ||
| 300 | |a 1 online resource (283 s.) | ||
| 490 | 0 | |a De Gruyter Textbook ; |v Volume 1 A | |
| 500 | |a Popis urobený na základe titulnej stránky e-zdroja v PDF (web vydavateľa). | ||
| 505 | 0 | 0 | |t Frontmatter -- |t Contents -- |t List of contributing authors -- |t 1. Size and shape control of metal nanoparticles in millifluidic reactors / |r Lohse, Samuel E. -- |t 2. Synthesis of metallic nanoparticles by microplasma / |r Lin, Liangliang / Starostin, Sergey A. / Li, Sirui / Hessel, Volker -- |t 3. Shape-controlled metal nanoparticles for electrocatalytic applications / |r García-Cruz, Leticia / Montiel, Vicente / Solla-Gullón, José -- |t 4. Continuous synthesis of gold nanoparticles in micro- and millifluidic systems / |r Huang, He / Toit, Hendrik du / Panariello, Luca / Mazzei, Luca / Gavriilidis, Asterios -- |t 5. Synthesis and characterization of size-controlled atomically precise gold clusters / |r Zhang, Jiangwei / Li, Zhimin / Zheng, Kai / Li, Gao -- |t Index |
| 516 | |a text file PDF | ||
| 538 | |a Internet via World Wide Web | ||
| 650 | 4 | |a Materialwissenschaft. | |
| 650 | 4 | |a Metallischer Werkstoff. | |
| 650 | 4 | |a Nanomaterial. | |
| 650 | 4 | |a Nanotechnologie. | |
| 650 | 7 | |a Technology & Engineering / Materials Science / General. | |
| 653 | |a nanotechnológia | ||
| 655 | 4 | |a elektronické dokumenty | |
| 700 | 1 | |a Challa, Kumar, |e editor. | |
| 700 | 1 | |a García-Cruz, Leticia. | |
| 700 | 1 | |a Gavriilidis, Asterios. | |
| 700 | 1 | |a Hessel, Volker. | |
| 700 | 1 | |a Huang, He. | |
| 700 | 1 | |a Li, Gao. | |
| 700 | 1 | |a Li, Sirui. | |
| 700 | 1 | |a Li, Zhimin. | |
| 700 | 1 | |a Lin, Liangliang. | |
| 700 | 1 | |a Lohse, Samuel E. | |
| 700 | 1 | |a Mazzei, Luca. | |
| 700 | 1 | |a Montie, Vicente. | |
| 700 | 1 | |a Panariello, Luca. | |
| 700 | 1 | |a Solla-Gullon, Jose. | |
| 700 | 1 | |a Starostin, Sergey A. | |
| 700 | 1 | |a Toit, Hendrik du. | |
| 700 | 1 | |a Zhang, Jiangwei. | |
| 700 | 1 | |a Zheng, Kai. | |
| 856 | 4 | 0 | |u http://hanproxy.cvtisr.sk/han/cvti-book-de-gruyter-isbn-9783110345100 |y Vzdialený prístup pre registrovaných používateľov. |
| 910 | |b ZE13006 | ||
| 959 | |a 23 | ||
| 974 | |a andrea.lebedova |f Elektronické zdroje | ||
| 992 | |a SUD | ||
| 999 | |c 253830 |d 253830 | ||

